000 00678nam a2200205 i 4500
001 57805
003 ES-MaACL
005 20251019063042.0
007 t|
008 031017s1945 sp ||||1| spa d
100 1 _aDostoievski, Fiódor,
_d1821-1881
_9242371
245 1 3 _aLa confesión de Stavroguin
_b: (versión de S. Petesburgo) /
_cDiodor Mijailovich Dostoevskii ; traducción de F. Oliver Brachfeld.
260 _aBarcelona :
_bAriel,
_c1945.
300 _a75 p. ;
_c18 cm.
490 1 _aColección Victoria
700 1 _aOliver Brachfeld, F.
_986832
830 0 _aColección Victoria
_9230449
852 _aES-MaACL
_j1815-F-18
999 _c57805
_d57805